[Event "World Open"]
[Site "Valley Forge, PA"]
[Date "2010.07.04"]
[Round "6"]
[White "Haskel, Jeffrey"]
[Black "Neubauer, Martin"]
[Result "0-1"]
[WhiteElo "2240"]
[BlackElo "2458"]
[PlyCount "78"]
[EventDate "2010.07.??"]
[EventCountry "USA"]
[Source "MonRoi"]

1. d4 Nf6 2. c4 e6 3. Nf3 d5 4. e3 a6 5. Nc3 dxc4 6. Bxc4 b5 7. Bd3 Bb7 8. a3
c5 9. dxc5 Bxc5 10. Qc2 Nbd7 11. b4 Bd6 12. Bb2 Rc8 13. Rd1 Qe7 14. Qd2 Bb8 15.
O-O O-O 16. e4 Ng4 17. Qe2 Nde5 18. Nxe5 Nxe5 19. f4 Nc4 20. Bxc4 Rxc4 21. Rf3
Rd8 22. Rfd3 Rxd3 23. Qxd3 Rc8 24. Ne2 f6 25. Qe3 Rd8 26. Rxd8+ Qxd8 27. Bd4 h6
28. Nc3 Bxf4 29. Qf2 Qc7 30. g3 Bd6 31. Qe3 Kf7 32. Kf2 Qc6 33. Qf3 Qc4 34. Qe3
Bc7 35. h4 a5 36. bxa5 Bxa5 37. Kf3 e5 38. Bxe5 fxe5 39. Qa7 Qxc3+ 0-1

[Event "World Open"]
[Site "Valley Forge, PA"]
[Date "2010.07.04"]
[Round "6"]
[White "Mabe, Chris"]
[Black "Kekelidze, Mikheil"]
[Result "0-1"]
[WhiteElo "2209"]
[BlackElo "2436"]
[PlyCount "92"]
[EventDate "2010.07.??"]
[EventCountry "USA"]
[Source "MonRoi"]

1. Nf3 c5 2. c4 g6 3. Nc3 Bg7 4. g3 Nc6 5. Bg2 d6 6. O-O e6 7. a3 Nge7 8. Rb1
b6 9. b4 Bb7 10. Na4 Qd7 11. Bb2 Bxb2 12. Rxb2 Nd4 13. e3 Nxf3+ 14. Bxf3 Bxf3
15. Qxf3 O-O 16. Nc3 f5 17. d4 cxd4 18. exd4 Rac8 19. Qe2 f4 20. Re1 Nf5 21.
Rd2 Qc6 22. Qxe6+ Kh8 23. Re4 Qxc4 24. Qxc4 Rxc4 25. Rd3 Rfc8 26. Nd5 g5 27.
Kg2 Rc2 28. gxf4 Rg8 29. Nf6 Rg6 30. fxg5 Rxg5+ 31. Kf3 Kg7 32. Ng4 d5 33. Re5
h5 34. Ne3 Nh4+ 35. Kf4 Rxe5 36. dxe5 Ng6+ 37. Kg3 h4+ 38. Kg4 Nxe5+ 39. Kxh4
Rxf2 40. Rxd5 Ng6+ 41. Kg5 Nf8 42. Nf5+ Kf7 43. Nh6+ Ke7 44. Nf5+ Ke6 45. Rd6+
Ke5 46. Ng3 Ne6+ 0-1

[Event "World Open"]
[Site "Valley Forge, PA"]
[Date "2010.07.04"]
[Round "6"]
[White "Arnold, Marc"]
[Black "Aramil, William"]
[Result "1-0"]
[WhiteElo "2433"]
[BlackElo "2276"]
[PlyCount "93"]
[EventDate "2010.07.??"]
[EventCountry "USA"]
[Source "MonRoi"]

1. d4 Nf6 2. c4 g6 3. Nf3 Bg7 4. g3 O-O 5. Bg2 d6 6. O-O Nbd7 7. Nc3 e5 8. e4
c6 9. h3 Qa5 10. Be3 exd4 11. Nxd4 Nb6 12. Nb3 Qe5 13. Bf4 Qe6 14. Bxd6 Rd8 15.
c5 Ne8 16. e5 Bxe5 17. Re1 Nxd6 18. f4 Bxc3 19. Rxe6 Bxe6 20. bxc3 Nb5 21. Qe1
Na4 22. c4 Nd4 23. Qe5 Nc2 24. Rf1 Bxc4 25. Qe4 Na3 26. Rc1 Re8 27. Qf3 Be2 28.
Qf2 Rad8 29. Bf1 Bd3 30. Re1 Rxe1 31. Qxe1 Bxf1 32. Kxf1 Nc2 33. Qe4 Rd1+ 34.
Kf2 Rb1 35. Qxa4 Rb2 36. Kf3 f5 37. Qc4+ Kf8 38. Qc3 Rxa2 39. Qh8+ Kf7 40.
Qxh7+ Kf6 41. Qxb7 Ra3 42. Qxc6+ Kg7 43. Qb7+ Kf6 44. c6 Nd4+ 45. Ke3 Nxb3 46.
Qb4 Ra6 47. Qc3+ 1-0

[Event "World Open"]
[Site "Valley Forge, PA"]
[Date "2010.07.04"]
[Round "6"]
[White "Simutowe, Amon"]
[Black "Gorman, Dov"]
[Result "1-0"]
[WhiteElo "2452"]
[BlackElo "2298"]
[PlyCount "116"]
[EventDate "2010.07.??"]
[EventCountry "USA"]
[Source "MonRoi"]

1. c4 Nf6 2. Nc3 g6 3. d4 Bg7 4. g3 O-O 5. Bg2 c6 6. e4 d6 7. Nge2 e5 8. h3
Nbd7 9. O-O exd4 10. Nxd4 Re8 11. Re1 Nc5 12. Bf4 Nh5 13. Be3 a5 14. Qc2 Qc7
15. Rad1 Be6 16. g4 Nf6 17. b3 Rad8 18. a3 Bc8 19. b4 axb4 20. axb4 Ncd7 21. f4
Nb6 22. Qd3 Nfd7 23. Rc1 Ne5 24. fxe5 dxe5 25. Ndb5 cxb5 26. Nxb5 Qc6 27. Qe2
Be6 28. c5 Nc4 29. Nc3 Nxe3 30. Qxe3 Rd4 31. Nd5 Qd7 32. Rcd1 Bxd5 33. exd5
Rxb4 34. d6 e4 35. Kh1 f5 36. gxf5 gxf5 37. Rf1 Rf8 38. Qg5 h6 39. Qg6 Rf6 40.
Qg3 Rf7 41. Qa3 Rb2 42. Qg3 Rc2 43. Bxe4 Rc3 44. Rf3 Rxf3 45. Bxf3 Kh8 46. Bd5
Rf8 47. Rb1 f4 48. Qg4 Qxg4 49. hxg4 Bd4 50. Rc1 Rc8 51. Bxb7 Rxc5 52. Rd1 Bf6
53. d7 h5 54. d8=Q+ Bxd8 55. Rxd8+ Kg7 56. gxh5 Rxh5+ 57. Kg2 Rb5 58. Be4 Rb3
1-0

[Event "World Open"]
[Site "Valley Forge, PA"]
[Date "2010.07.04"]
[Round "7"]
[White "Smirin, Ilia"]
[Black "Kazhgaleyev, Murtas"]
[Result "1/2-1/2"]
[WhiteElo "2634"]
[BlackElo "2609"]
[PlyCount "39"]
[EventDate "2010.07.??"]
[EventCountry "USA"]
[Source "MonRoi"]

1. e4 e5 2. Nf3 Nc6 3. Bb5 a6 4. Ba4 Nf6 5. O-O Be7 6. Re1 b5 7. Bb3 d6 8. c3
O-O 9. h3 Nb8 10. d4 Nbd7 11. Nbd2 Bb7 12. Bc2 Re8 13. Nf1 Bf8 14. Ng3 g6 15.
Bg5 h6 16. Bd2 Bg7 17. a4 Nb6 18. b3 bxa4 19. bxa4 Nc4 20. Rb1 1/2-1/2

[Event "World Open"]
[Site "Valley Forge, PA"]
[Date "2010.07.04"]
[Round "7"]
[White "McShane, Luke J"]
[Black "Vallejo Pons, Francisco"]
[Result "1/2-1/2"]
[WhiteElo "2623"]
[BlackElo "2703"]
[PlyCount "82"]
[EventDate "2010.07.??"]
[EventCountry "USA"]
[Source "MonRoi"]

1. e4 c5 2. Nf3 d6 3. Nc3 Nf6 4. e5 dxe5 5. Nxe5 a6 6. a4 Qc7 7. Nc4 Nc6 8. b3
Nd4 9. a5 Bf5 10. d3 e6 11. Be2 Be7 12. Bd2 Rd8 13. Qc1 Nd5 14. Bd1 Nb4 15. O-O
f6 16. Kh1 O-O 17. Na4 e5 18. Nab2 Ndc6 19. f4 Kh8 20. Ne3 Bc8 21. f5 Nxa5 22.
Bh5 Nac6 23. Qd1 Nd5 24. Nxd5 Rxd5 25. Qf3 e4 26. Qh3 Kg8 27. Bf4 Bd6 28. dxe4
Rd4 29. Bxd6 Qxd6 30. Nc4 Qc7 31. Rae1 Ne5 32. c3 Rd3 33. Re3 Rfd8 34. Be2 Rxe3
35. Nxe3 b5 36. Nd5 Qf7 37. Qe3 Qf8 38. c4 Bb7 39. Ra1 Bxd5 40. exd5 Qd6 41. h3
Rb8 1/2-1/2

[Event "World Open"]
[Site "Valley Forge, PA"]
[Date "2010.07.04"]
[Round "7"]
[White "Lenderman, Alex"]
[Black "Perelshteyn, Eugene"]
[Result "1/2-1/2"]
[WhiteElo "2598"]
[BlackElo "2534"]
[PlyCount "83"]
[EventDate "2010.07.??"]
[EventCountry "USA"]
[Source "MonRoi"]

1. d4 Nf6 2. c4 g6 3. Nc3 Bg7 4. e4 d6 5. Nf3 O-O 6. Be2 Na6 7. O-O e5 8. Re1
Bg4 9. Be3 Bxf3 10. Bxf3 exd4 11. Bxd4 Nb4 12. c5 Nc6 13. Be3 dxc5 14. Bxc5 Re8
15. Qb3 Nd7 16. Be3 Nd4 17. Bxd4 Bxd4 18. Rad1 Ne5 19. Nb5 Nxf3+ 20. Qxf3 c5
21. Qb3 Re7 22. Nxd4 cxd4 23. Qb4 Rd7 24. Rd3 Qf6 25. e5 Qa6 26. Rxd4 Rxd4 27.
Qxd4 Qxa2 28. b4 Rc8 29. Qd7 Rc2 30. Qd8+ Kg7 31. Qf6+ Kg8 32. g3 Qd5 33. b5
Qd2 34. Rf1 Rc1 35. Rxc1 Qxc1+ 36. Kg2 Qd1 37. Qe7 Qd5+ 38. Kg1 Qxb5 39. Qd8+
Kg7 40. Qf6+ Kf8 41. Qd6+ Ke8 42. Qb8+ 1/2-1/2

[Event "World Open"]
[Site "Valley Forge, PA"]
[Date "2010.07.04"]
[Round "7"]
[White "Hess, Robert"]
[Black "Ehlvest, Jaan"]
[Result "1-0"]
[WhiteElo "2590"]
[BlackElo "2591"]
[PlyCount "81"]
[EventDate "2010.07.??"]
[EventCountry "USA"]
[Source "MonRoi"]

1. e4 d6 2. d4 g6 3. Bg5 Bg7 4. Nc3 c6 5. Qd2 b5 6. Nf3 h6 7. Bf4 Nf6 8. Bd3
Bg4 9. h3 Bxf3 10. gxf3 Nbd7 11. O-O-O Qa5 12. Kb1 Nb6 13. Rhe1 Nfd7 14. Be3
Rb8 15. Ne2 Qa6 16. c3 Nc4 17. Qc2 O-O 18. f4 d5 19. e5 e6 20. Bc1 c5 21. f5
exf5 22. Nf4 cxd4 23. cxd4 Rfc8 24. Qe2 Nf8 25. Nxd5 Ne6 26. Ne7+ Kh7 27. Nxc8
Nxd4 28. Qf1 Rxc8 29. f4 Ne6 30. Re2 Qb7 31. Rc2 Nd4 32. Rc3 Qd5 33. Qf2 Ne6
34. Bc2 Qc6 35. Rcd3 Rc7 36. b3 Bf8 37. bxc4 bxc4 38. Rd6 Qb5+ 39. Ka1 Nc5 40.
R1d5 Qa5 41. Qd2 1-0

[Event "World Open"]
[Site "Valley Forge, PA"]
[Date "2010.07.04"]
[Round "7"]
[White "Panchanathan, Magesh"]
[Black "Ganguly, Surya"]
[Result "0-1"]
[WhiteElo "2549"]
[BlackElo "2672"]
[PlyCount "82"]
[EventDate "2010.07.??"]
[EventCountry "USA"]
[Source "MonRoi"]

1. Nf3 Nf6 2. g3 g6 3. Bg2 Bg7 4. O-O O-O 5. c4 d6 6. Nc3 Nbd7 7. b3 e5 8. Bb2
c6 9. Rc1 Re8 10. d3 a6 11. h3 Rb8 12. Ne4 Qc7 13. g4 b5 14. Ng3 bxc4 15. dxc4
Nc5 16. Qc2 a5 17. Bc3 Bb7 18. Rfd1 Ra8 19. e3 h6 20. Ne1 Ncd7 21. Nd3 d5 22.
Nb2 Qb6 23. Rd2 Rac8 24. Qd1 Nc5 25. Rdc2 Bf8 26. h4 Rcd8 27. Rd2 Nfe4 28. Nxe4
Nxe4 29. Bxe4 dxe4 30. c5 Qc7 31. Nc4 Rxd2 32. Nxd2 Bxc5 33. Nxe4 Be7 34. g5 c5
35. Qg4 h5 36. Qg2 Qd7 37. Kh2 a4 38. f3 axb3 39. axb3 Qd3 40. Bd2 Bxe4 41.
fxe4 Rd8 0-1

[Event "World Open"]
[Site "Valley Forge, PA"]
[Date "2010.07.04"]
[Round "7"]
[White "Gustafsson, Jan"]
[Black "Arnold, Marc"]
[Result "1-0"]
[WhiteElo "2640"]
[BlackElo "2433"]
[PlyCount "131"]
[EventDate "2010.07.??"]
[EventCountry "USA"]
[Source "MonRoi"]

1. d4 Nf6 2. c4 e6 3. Nf3 Bb4+ 4. Bd2 Qe7 5. g3 Nc6 6. Nc3 d6 7. Bg2 O-O 8. O-O
Bxc3 9. Bxc3 e5 10. d5 Nb8 11. Nd2 c6 12. Rc1 cxd5 13. cxd5 Na6 14. Nc4 Bg4 15.
h3 Bh5 16. Qd2 Rac8 17. b3 Nc5 18. Qe3 Bg6 19. Bb4 Nfd7 20. Na5 Rc7 21. Bxc5
Nxc5 22. b4 Na6 23. a3 Ra8 24. Rxc7 Qxc7 25. Rc1 Qe7 26. h4 Bf5 27. Qg5 Qd7 28.
e4 Bg6 29. h5 f6 30. Qh4 Be8 31. Qh3 Rb8 32. Qxd7 Bxd7 33. f3 Bb5 34. Bh3 Kf8
35. Bf5 h6 36. Rc8+ Rxc8 37. Bxc8 b6 38. Bxa6 Bxa6 39. Nc6 Ke8 40. Nxa7 b5 41.
Kf2 Kf7 42. g4 Ke8 43. Kg3 Ke7 44. Kh4 Kf7 45. Nc6 Bc8 46. Na5 g6 47. Nc6 g5+
48. Kg3 Ke8 49. Na5 Kd7 50. Nb3 Kc7 51. Nd2 Bd7 52. Nf1 Kd8 53. Ne3 Kc7 54. Kf2
Kb7 55. Ke2 Kc7 56. Kd3 Kb7 57. Kc3 Kc7 58. Kb3 Kb6 59. Nf5 Bxf5 60. gxf5 Ka6
61. a4 bxa4+ 62. Kxa4 Kb6 63. b5 Kb7 64. Ka5 Ka7 65. b6+ Kb8 66. b7 1-0

[Event "World Open"]
[Site "Valley Forge, PA"]
[Date "2010.07.04"]
[Round "7"]
[White "Holt, Conrad"]
[Black "Stripunsky, Alexander"]
[Result "0-1"]
[WhiteElo "2375"]
[BlackElo "2570"]
[PlyCount "144"]
[EventDate "2010.07.??"]
[EventCountry "USA"]
[Source "MonRoi"]

1. d4 d5 2. c4 Nc6 3. Nc3 dxc4 4. Nf3 Nf6 5. Bg5 Bg4 6. d5 Bxf3 7. exf3 Ne5 8.
f4 Ned7 9. Bxc4 g6 10. O-O Bg7 11. Re1 O-O 12. Qf3 Nb6 13. Bb3 Qd7 14. Re5 a5
15. a3 a4 16. Ba2 Nc8 17. h3 Nd6 18. Rae1 Rfe8 19. g4 Kf8 20. Bh4 b5 21. Qe3
Rab8 22. Qc5 h5 23. f3 hxg4 24. hxg4 Qc8 25. R5e2 Qb7 26. Bf2 Qc8 27. Bd4 Qd7
28. Qc6 Qxc6 29. dxc6 e6 30. Bc5 Kg8 31. Kg2 Nc4 32. Kg3 Red8 33. Ba7 Ra8 34.
Nxb5 Nd6 35. Nxd6 Rxd6 36. Be3 Rxc6 37. Rc1 Rxc1 38. Bxc1 Bf8 39. f5 exf5 40.
gxf5 Bd6+ 41. Kf2 gxf5 42. Ke1 Nh5 43. Kd1 Kg7 44. Rg2+ Bg3 45. Rd2 Bd6 46. Rd5
Kg6 47. Bb1 Ng3 48. Bc2 Kf6 49. Bd2 Be5 50. Kc1 Rb8 51. Bb4 Ne2+ 52. Kb1 Nf4
53. Rc5 Ne6 54. Rc6 Kg5 55. Bxa4 Nd4 56. Rc5 f6 57. Bd1 f4 58. Bc3 Rd8 59. a4
Ne6 60. Rxe5+ fxe5 61. Bc2 Kf6 62. a5 c5 63. Be4 Nc7 64. Ka2 Rb8 65. Ka3 Ke6
66. Ka4 Na6 67. Bd3 Nb4 68. Be4 Kd6 69. Kb3 Nd5+ 70. Kc4 Ne3+ 71. Kd3 c4+ 72.
Kd2 Nd5 0-1

[Event "World Open"]
[Site "Valley Forge, PA"]
[Date "2010.07.04"]
[Round "7"]
[White "Paragua, Mark"]
[Black "Sarkar, Justin"]
[Result "1-0"]
[WhiteElo "2497"]
[BlackElo "2378"]
[PlyCount "87"]
[EventDate "2010.07.??"]
[EventCountry "USA"]
[Source "MonRoi"]

1. d4 Nf6 2. c4 g6 3. Nc3 Bg7 4. e4 d6 5. Nf3 O-O 6. h3 e5 7. d5 Na6 8. Bg5 Qe8
9. g4 Kh8 10. Be2 Bd7 11. Nd2 Ng8 12. a3 Nc5 13. Nb5 Bxb5 14. cxb5 f5 15. Qc2
fxe4 16. Be3 Nd3+ 17. Bxd3 exd3 18. Qxd3 Nf6 19. g5 Nh5 20. O-O-O Nf4 21. Bxf4
Rxf4 22. Ne4 a6 23. b6 cxb6 24. Nxd6 Qa4 25. Rhe1 Rxf2 26. Ne4 Rh2 27. Kb1 Rd8
28. d6 Bf8 29. Ka1 b5 30. Nc5 Qc4 31. Qxc4 bxc4 32. Ne6 Rxd6 33. Nxf8 Rd3 34.
Nd7 e4 35. Ne5 Rxd1+ 36. Rxd1 c3 37. bxc3 e3 38. Ng4 e2 39. Re1 Rxh3 40. Rxe2
Rxc3 41. Re8+ Kg7 42. Nh6 Rxa3+ 43. Kb2 Rb3+ 44. Kxb3 1-0

[Event "World Open"]
[Site "Valley Forge, PA"]
[Date "2010.07.04"]
[Round "7"]
[White "Uesugi, Shinsaku"]
[Black "Simutowe, Amon"]
[Result "0-1"]
[WhiteElo "2332"]
[BlackElo "2452"]
[PlyCount "98"]
[EventDate "2010.07.??"]
[EventCountry "USA"]
[Source "MonRoi"]

1. Nf3 Nf6 2. g3 d5 3. Bg2 e6 4. O-O Be7 5. d4 O-O 6. c4 b6 7. Qc2 Bb7 8. Bf4
Na6 9. Ne5 c6 10. Rd1 Nb4 11. Qc1 dxc4 12. Na3 Nfd5 13. Naxc4 Nxf4 14. gxf4 Rc8
15. e4 f6 16. Nf3 Qe8 17. a3 Na6 18. Qe3 Nc7 19. Qb3 Kh8 20. Ne3 Rd8 21. f5
exf5 22. Nxf5 g6 23. Ng3 Bd6 24. Rac1 Bf4 25. Rc2 Qf7 26. Qxf7 Rxf7 27. Ne2 Bh6
28. e5 Nd5 29. exf6 Rxf6 30. Ne5 Kg7 31. Re1 Re6 32. Bh3 Re7 33. Bg2 c5 34. Nf3
Ba6 35. Ne5 Bb7 36. Nf3 Rde8 37. dxc5 Nf4 38. c6 Ba6 39. Bf1 Nxe2+ 40. Bxe2
Rxe2 41. Rexe2 Rxe2 42. Rxe2 Bxe2 43. Nd4 Bg4 44. Nb5 a6 45. Nc7 Bc1 46. b4
Bxa3 47. Nxa6 Be2 48. Nc7 Bxb4 49. Ne8+ Kf7 0-1

[Event "World Open"]
[Site "Valley Forge, PA"]
[Date "2010.07.04"]
[Round "7"]
[White "Ivanov, Alexander"]
[Black "Norowitz, Yaacov"]
[Result "0-1"]
[WhiteElo "2538"]
[BlackElo "2531"]
[PlyCount "116"]
[EventDate "2010.07.??"]
[EventCountry "USA"]
[Source "MonRoi"]

1. e4 c6 2. d4 d5 3. e5 Bf5 4. h4 Qb6 5. Nc3 a6 6. Nge2 e6 7. Ng3 Ne7 8. Na4
Qa7 9. Nc5 h6 10. c3 Bh7 11. Bd3 Bxd3 12. Nxd3 Nd7 13. O-O c5 14. dxc5 Nxc5 15.
Be3 b6 16. Bxc5 bxc5 17. Qa4+ Qd7 18. Qxd7+ Kxd7 19. Nxc5+ Ke8 20. Nd3 h5 21.
Ne2 Nf5 22. g3 g6 23. Nd4 Rc8 24. Nxf5 gxf5 25. Kg2 Be7 26. Rad1 Rc4 27. Nf4
Re4 28. Rfe1 Ra4 29. a3 Kd7 30. Re2 Kc6 31. Rc2 Re4 32. Nd3 Rg8 33. Kf3 Kb5 34.
b3 Rc8 35. a4+ Kb6 36. Rdd2 Bf8 37. Kg2 Bh6 38. f4 Bf8 39. Nf2 Re1 40. Nd3 Rb1
41. Nb2 Ba3 42. c4 Bxb2 43. Rxb2 Rxb2 44. Rxb2 d4 45. Kf2 Ka5 46. Ke2 Rg8 47.
b4+ Kxa4 48. Kd3 Ka3 49. Rb1 Ka2 50. Rg1 Rd8 51. c5 Kb2 52. Rg2+ Kb3 53. Rc2
Kxb4 54. c6 Rc8 55. Kxd4 Kb5 56. c7 Kb6 57. Rb2+ Kxc7 58. Kc5 Kd7+ 0-1

[Event "World Open"]
[Site "Valley Forge, PA"]
[Date "2010.07.05"]
[Round "8"]
[White "Kazhgaleyev, Murtas"]
[Black "Laznicka, Viktor"]
[Result "1/2-1/2"]
[WhiteElo "2609"]
[BlackElo "2636"]
[PlyCount "54"]
[EventDate "2010.07.??"]
[EventCountry "USA"]
[Source "MonRoi"]

1. d4 d5 2. c4 c6 3. Nc3 Nf6 4. cxd5 cxd5 5. Bf4 Nc6 6. e3 a6 7. Rc1 Bf5 8. Nf3
Rc8 9. Ne5 Nxe5 10. Bxe5 e6 11. Be2 Qd7 12. Qb3 Be7 13. O-O O-O 14. Na4 Rxc1
15. Rxc1 Rc8 16. Rxc8+ Qxc8 17. Nc5 Bxc5 18. dxc5 Qxc5 19. Qxb7 Qc1+ 20. Bf1 h6
21. Qxa6 Ne4 22. Bc3 Kh7 23. Qb5 Nxc3 24. bxc3 Bb1 25. Qa6 e5 26. h3 e4 27. Qc8
Bd3 1/2-1/2

[Event "World Open"]
[Site "Valley Forge, PA"]
[Date "2010.07.05"]
[Round "8"]
[White "Smirin, Ilia"]
[Black "McShane, Luke J"]
[Result "1/2-1/2"]
[WhiteElo "2634"]
[BlackElo "2623"]
[PlyCount "47"]
[EventDate "2010.07.??"]
[EventCountry "USA"]
[Source "MonRoi"]

1. e4 e5 2. Nf3 Nc6 3. Bb5 Nf6 4. O-O Nxe4 5. d4 Nd6 6. Bxc6 dxc6 7. dxe5 Nf5
8. Qxd8+ Kxd8 9. Nc3 h6 10. h3 Bd7 11. b3 Ne7 12. Bb2 c5 13. Rad1 Kc8 14. Ne2
b6 15. Nf4 Nc6 16. e6 Bxe6 17. Nxe6 fxe6 18. Rfe1 Nd8 19. Nh4 Rg8 20. Ng6 Bd6
21. Rxd6 cxd6 22. Ne7+ Kd7 23. Nxg8 Nf7 24. Nxh6 1/2-1/2

[Event "World Open"]
[Site "Valley Forge, PA"]
[Date "2010.07.05"]
[Round "8"]
[White "Ganguly, Surya"]
[Black "Shabalov, Alexander"]
[Result "0-1"]
[WhiteElo "2672"]
[BlackElo "2585"]
[PlyCount "90"]
[EventDate "2010.07.??"]
[EventCountry "USA"]
[Source "MonRoi"]

1. e4 c5 2. Nf3 d6 3. d4 cxd4 4. Nxd4 Nf6 5. Nc3 a6 6. h3 g6 7. Be3 Bg7 8. Qd2
b5 9. Bh6 Bxh6 10. Qxh6 Bb7 11. O-O-O Nbd7 12. Kb1 Rc8 13. f3 Rxc3 14. bxc3 Qc7
15. c4 bxc4 16. c3 Nb6 17. Ka1 d5 18. Be2 Na4 19. Rc1 dxe4 20. fxe4 Nxe4 21.
Qg7 Rf8 22. Rhf1 Bd5 23. Bf3 Qd6 24. Bxe4 Bxe4 25. Nc2 f5 26. Rfd1 Qf6 27. Qxf6
Rxf6 28. Ne1 Rd6 29. Rd4 Rxd4 30. cxd4 c3 31. a3 Kd7 32. Ka2 Kc6 33. Kb3 Kb5
34. Nf3 Bd5+ 35. Kc2 Kc4 36. Ne5+ Kxd4 37. Nf3+ Kc4 38. Ne5+ Kd4 39. Nf3+ Ke3
40. Re1+ Kf2 41. Rxe7 Kxg2 42. Nd4 f4 43. Ne2 Kf3 44. Nd4+ Kf2 45. Rxh7 Ke3 0-1

[Event "World Open"]
[Site "Valley Forge, PA"]
[Date "2010.07.05"]
[Round "8"]
[White "Najer, Evgeniy"]
[Black "Wang, Puchen"]
[Result "1/2-1/2"]
[WhiteElo "2663"]
[BlackElo "2469"]
[PlyCount "118"]
[EventDate "2010.07.??"]
[EventCountry "USA"]
[Source "MonRoi"]

1. e4 c5 2. Nf3 d6 3. d4 cxd4 4. Nxd4 Nf6 5. Nc3 g6 6. Be3 Bg7 7. f3 Nc6 8. Qd2
O-O 9. O-O-O d5 10. exd5 Nxd5 11. Nxc6 bxc6 12. Bd4 e5 13. Bc5 Be6 14. Ne4 Re8
15. Bc4 Qc7 16. h4 Nf4 17. Bxe6 Nxe6 18. Ba3 Red8 19. Qb4 Rxd1+ 20. Rxd1 Rd8
21. Rxd8+ Qxd8 22. Qe1 Qd5 23. b3 f5 24. Nc3 Qd4 25. Qd2 e4 26. Qxd4 Bxd4 27.
Kd2 exf3 28. gxf3 Bf6 29. h5 gxh5 30. Ne2 Be5 31. Be7 Kf7 32. Bh4 Nd4 33. Nxd4
Bxd4 34. f4 Ke6 35. Kd3 Bg1 36. a4 Bc5 37. c3 a6 38. Ke2 Ba3 39. c4 Bc1 40. Kf3
Bd2 41. Bg3 Kd6 42. Ke2 h4 43. Bxh4 Bxf4 44. b4 Be5 45. Bf2 Bc3 46. Bc5+ Ke5
47. b5 cxb5 48. cxb5 axb5 49. axb5 Ke4 50. Bd6 Ba5 51. Bc5 Bc3 52. b6 Be5 53.
Be7 Kd5 54. Kf3 Kc6 55. Bf6 Bd6 56. Bd4 h5 57. Bf2 Be5 58. Be3 h4 59. Kg2 Bf6
1/2-1/2

[Event "World Open"]
[Site "Valley Forge, PA"]
[Date "2010.07.05"]
[Round "8"]
[White "Meszaros, Michal"]
[Black "Robson, Ray"]
[Result "1-0"]
[WhiteElo "2393"]
[BlackElo "2569"]
[PlyCount "67"]
[EventDate "2010.07.??"]
[EventCountry "USA"]
[Source "MonRoi"]

1. e4 c5 2. Nf3 d6 3. d4 cxd4 4. Nxd4 Nf6 5. Nc3 e6 6. Be2 Be7 7. O-O O-O 8. f4
Nc6 9. Kh1 a6 10. a4 Qc7 11. Be3 Re8 12. Bf3 Bf8 13. Qd2 Nxd4 14. Bxd4 e5 15.
Bg1 exf4 16. Bd4 Be7 17. Qxf4 Be6 18. e5 dxe5 19. Bxe5 Qc8 20. Qg5 h6 21. Qg3
g6 22. Ne4 Nd7 23. Bc3 Qb8 24. Qf2 Qa7 25. Bd4 Qb8 26. Bc3 Qa7 27. Qd2 Kh7 28.
Nd6 Bxd6 29. Qxd6 Rad8 30. Bd5 Nf6 31. Qe5 Bxd5 32. Qxf6 Rg8 33. Rad1 Bc4 34.
Qxf7+ 1-0

[Event "World Open"]
[Site "Valley Forge, PA"]
[Date "2010.07.05"]
[Round "8"]
[White "Young, Angelo"]
[Black "Paragua, Mark"]
[Result "0-1"]
[WhiteElo "2353"]
[BlackElo "2497"]
[PlyCount "43"]
[EventDate "2010.07.??"]
[EventCountry "USA"]
[Source "MonRoi"]

1. d4 d5 2. Nf3 Nf6 3. e3 c6 4. c4 a6 5. Nbd2 e6 6. Bd3 c5 7. cxd5 Nxd5 8. O-O
Nc6 9. Nb3 cxd4 10. e4 Ndb4 11. Bb1 d3 12. a3 Nc2 13. Bxc2 dxc2 14. Qxc2 e5 15.
Rd1 Qc7 16. Bd2 a5 17. Rac1 Bg4 18. Bc3 f6 19. h3 Be6 20. Be1 Qb6 21. Nbd2 Qc7
22. Nc4 0-1

[Event "World Open"]
[Site "Valley Forge, PA"]
[Date "2010.07.05"]
[Round "8"]
[White "Norowitz, Yaacov"]
[Black "Romanenko, Vladimir"]
[Result "0-1"]
[WhiteElo "2531"]
[BlackElo "2496"]
[PlyCount "58"]
[EventDate "2010.07.??"]
[EventCountry "USA"]
[Source "MonRoi"]

1. d4 Nf6 2. e3 g6 3. Nf3 Bg7 4. Be2 O-O 5. O-O d6 6. b3 b6 7. Bb2 Bb7 8. c4
Nbd7 9. Qc2 Ne4 10. d5 Bxb2 11. Qxb2 e6 12. dxe6 fxe6 13. Nbd2 Nxd2 14. Nxd2
Qg5 15. g3 e5 16. f4 exf4 17. exf4 Qc5+ 18. Rf2 Ne5 19. Raf1 Qc6 20. Bf3 Nxf3+
21. Nxf3 Rae8 22. h3 Re3 23. Kh2 Qe4 24. Qd2 Re8 25. Ng5 Qf5 26. Qd4 h6 27. Nf3
Bxf3 28. Rxf3 Rxf3 29. Rxf3 Re2+ 0-1

[Event "World Open"]
[Site "Valley Forge, PA"]
[Date "2010.07.05"]
[Round "8"]
[White "Neimer, Vitaly"]
[Black "Panchanathan, Magesh"]
[Result "1-0"]
[WhiteElo "2397"]
[BlackElo "2549"]
[PlyCount "135"]
[EventDate "2010.07.??"]
[EventCountry "USA"]
[Source "MonRoi"]

1. e4 e5 2. Bc4 Nf6 3. d3 Be7 4. Nf3 d6 5. O-O O-O 6. c3 c6 7. Re1 b5 8. Bb3
Nbd7 9. Nbd2 Bb7 10. Nf1 Nc5 11. Bc2 Qc7 12. Ng3 g6 13. h3 Rfe8 14. Bh6 Ne6 15.
d4 Kh8 16. Qd2 Ng8 17. Be3 Bf6 18. Rad1 Rad8 19. Qc1 a6 20. a4 Kg7 21. b4 c5
22. d5 Nf4 23. bxc5 dxc5 24. axb5 axb5 25. Qb2 Qb6 26. Nf1 Kh8 27. Rb1 Ba6 28.
g3 Nxh3+ 29. Kg2 g5 30. N1h2 Nf4+ 31. gxf4 gxf4 32. Bd2 c4 33. Rg1 h5 34. Kf1
Nh6 35. Ke2 Rb8 36. Qc1 Qd6 37. Rb4 Bc8 38. Qb2 Bd7 39. Ra1 Rg8 40. Qa3 Rg2 41.
Rxb5 Qc7 42. d6 Qd8 43. Rxb8 Qxb8 44. Qa8 Qxa8 45. Rxa8+ Kg7 46. Ba4 Bxa4 47.
Rxa4 Ng4 48. Nxg4 hxg4 49. Rxc4 gxf3+ 50. Kxf3 Rh2 51. Rc8 Bh4 52. Kg4 Bf6 53.
d7 Rxf2 54. d8=Q Bxd8 55. Rxd8 Rg2+ 56. Kf3 Rg3+ 57. Kf2 f5 58. exf5 e4 59. Re8
Rd3 60. Be1 Rf3+ 61. Kg2 Re3 62. Bf2 Re2 63. Kf1 f3 64. Bd4+ Kf7 65. Re6 Kf8
66. f6 Kf7 67. Re7+ Kf8 68. Bc5 1-0

[Event "World Open"]
[Site "Valley Forge, PA"]
[Date "2010.07.05"]
[Round "8"]
[White "Amanov, Mesgen"]
[Black "Holt, Conrad"]
[Result "1/2-1/2"]
[WhiteElo "2479"]
[BlackElo "2375"]
[PlyCount "130"]
[EventDate "2010.07.??"]
[EventCountry "USA"]
[Source "MonRoi"]

1. d4 d5 2. c4 c6 3. Nf3 Nf6 4. Nc3 dxc4 5. a4 Bf5 6. Ne5 Nbd7 7. Nxc4 Nb6 8.
Ne3 Bg6 9. a5 Nbd5 10. Nexd5 Nxd5 11. Qb3 e6 12. e4 Nxc3 13. bxc3 Bxe4 14. f3
Bd5 15. c4 Bxf3 16. gxf3 Qxd4 17. Ra2 Bc5 18. Rd2 Qh4+ 19. Kd1 O-O 20. Bd3 b6
21. a6 Rad8 22. Re1 Bd4 23. Re4 Qf6 24. Kc2 e5 25. Bb2 c5 26. Bxd4 Rxd4 27.
Rde2 g6 28. Rxd4 exd4 29. Be4 Re8 30. Qd3 Re5 31. Bd5 b5 32. Bb7 b4 33. Kb3
Rxe2 34. Qxe2 Qf4 35. Kc2 h5 36. Bd5 Kf8 37. Bc6 Qf5+ 38. Qe4 Qxe4+ 39. Bxe4
Ke7 40. Kb3 g5 41. Ka4 Kd6 42. Kb5 g4 43. fxg4 hxg4 44. Bd3 f6 45. Bh7 b3 46.
Ka4 b2 47. Kb3 Ke5 48. Kxb2 f5 49. Kc2 f4 50. Kd2 g3 51. hxg3 fxg3 52. Ke2 Kf4
53. Bg6 Kg4 54. Kf1 Kf3 55. Bh5+ Ke3 56. Kg2 d3 57. Kxg3 Kd4 58. Kf2 Kxc4 59.
Ke1 Kd4 60. Bf7 c4 61. Bxc4 Kxc4 62. Kd2 Kd4 63. Kd1 Kc3 64. Kc1 d2+ 65. Kd1
Kd3 1/2-1/2

[Event "World Open"]
[Site "Valley Forge, PA"]
[Date "2010.07.05"]
[Round "8"]
[White "Arnold, Marc"]
[Black "Chen, Howard"]
[Result "1-0"]
[WhiteElo "2433"]
[BlackElo "2276"]
[PlyCount "47"]
[EventDate "2010.07.??"]
[EventCountry "USA"]
[Source "MonRoi"]

1. d4 Nf6 2. c4 g6 3. Nc3 d5 4. Nf3 Bg7 5. cxd5 Nxd5 6. Qb3 Nxc3 7. bxc3 c5 8.
Ba3 b6 9. e3 O-O 10. Be2 Nc6 11. O-O Qc7 12. Rad1 e5 13. dxc5 Re8 14. Ng5 h6
15. Ne4 Be6 16. Qa4 Red8 17. Nd6 bxc5 18. Bxc5 Ne7 19. Bb4 Nd5 20. Bf3 Nb6 21.
Qa5 Rab8 22. Nb5 Qc4 23. Rxd8+ Rxd8 24. Nxa7 1-0